Hummingbird bakery cookbook (Record no. 395665)

MARC details
000 -LEADER
fixed length control field 00512 a2200205 4500
005 - DATE & TIME
control field 20260412111946.0
008 - FIXED-LENGTH DATA ELEMENTS--GENERAL INFORMATION
fixed length control field 260410b |||||||| |||| 00| 0 eng d
020 ## - ISBN
International Standard Book Number 9781784724160
Price £ 17.99
040 ## - CATALOGING SOURCE
Original cataloging agency VIVEKANANDA LIBRARY
082 ## - DDC NUMBER
Classification number 641.86
Book Number M298H
100 ## - MAIN ENTRY--PERSONAL NAME
Personal name Malouf, Tarek
245 ## - TITLE STATEMENT
Title Hummingbird bakery cookbook
260 ## - PUBLICATION, DISTRIBUTION, ETC. (IMPRINT)
Name of publisher, distributor, etc Octopus Publishing
Date of publication, distribution, etc 2009
Place of publication, distribution, etc London
300 ## - PHYSICAL DESCRIPTION
Pages 160
650 ## - Subject
Subject Food Technology
650 ## - Subject
Subject Food and Drink
650 ## - Subject
Subject Baking
650 ## - Subject
Subject Hotel Management
942 ## - ADDED ENTRY ELEMENTS (KOHA)
Koha item type Books
Holdings
Withdrawn status Lost status Source of classification or shelving scheme Damaged status Not for loan Location (home branch) Sublocation or collection (holding branch) Shelving location Date acquired Koha issues (times borrowed) Koha full call number Accession No. Koha date last seen Koha item type
    Dewey Decimal Classification     VIVEKANANDA LIBRARY VIVEKANANDA LIBRARY IHTM Library 21/01/2026   641.86 M298H 425224 21/01/2026 Books
© Designed and Maintained by Vivekananda Library, MDU Rohtak